ბათუმის შოთა რუსთაველის სახელმწიფო უნივერსიტეტის ბიბლიოთეკა

დაიაენი-დიაოხი : (ბიბ.ჩანაწერი № 46142)

000 -ლიდერი
ფიქსირებული სიგრძის საკონტროლო ველი 01433nam a2200265Ia 4500
001 - საკონტროლო ნომერი
საკონტროლო ველი 12974
003 - საკონტროლო ნომრის იდენტიფიკატორი
საკონტროლო ველი GE_BSU
005 - ბოლო ოპერაციის თარიღი და დრო
საკონტროლო ველი 20240829145718.0
008 - ფიქსირებული სიგრძის მონაცემთა ელემენტები - ზოგადი ინფორმაცია
ფიქსირებული სიგრძის საკონტროლო ველი 181216s2006||||ge |||||||||||||| ||geo||
040 ## - კატალოგიზაციის წყარო
Transcribing agency GE_BSU
041 ## - ენის კოდი
Language code of text/sound track or separate title geo
080 ## - უნივერსალური ათობითი კლასიფიკაციის ინდექსი
Universal Decimal Classification number 94(479.22) გ-60
100 ## - მთავარი ჩანაწერი - პიროვნების სახელი
Personal name გოგიტიძე, სიმონ
9 (RLIN) 101
245 ## - ცნობა სათაურის შესახებ
Title დაიაენი-დიაოხი :
Remainder of title (ლოკალიზაციისა და ეთნიკური კუთვნილებისათვის) /
Statement of responsibility, etc [რედ. შოთა მამულაძე] ; ბათუმის ს/კ ინ-ტი, აჭარის კოოპ. ინ-ტის ისტ. კათედრა
264 ## - წარმოების, გამოცემის, დისტრიბუციის და სხვა ცნობები
გამოცემის, წარმოების, დისტრიბუციის... ადგილი ბათუმი :
გამოცემის, წარმოების, დისტრიბუციის... სახელწოდება მეცნიერება,
გამოცემის, წარმოების, დისტრიბუციის... თარიღი 2006.
300 ## - ფიზიკური აღწერა
Extent 195 გვ. :
Other physical details რუკ. ;
Dimensions 20 სმ.
504 ## - BIBLIOGRAPHY, ETC. NOTE
Bibliography, etc ბიბლიოგრაფია ტექსტების შენიშვნებში
520 ## - SUMMARY, ETC.
Summary, etc რეზიუმე რუსულ და ინგლისურ ენებზე
653 ## - INDEX TERM--UNCONTROLLED
Uncontrolled term დაიაენი-დიაოხი
653 ## - INDEX TERM--UNCONTROLLED
Uncontrolled term უძველესი ქართული სამეფოები
653 ## - INDEX TERM--UNCONTROLLED
Uncontrolled term საქართველოს ისტორია
653 ## - INDEX TERM--UNCONTROLLED
Uncontrolled term დიაოხის ისტორია
700 ## - ADDED ENTRY--PERSONAL NAME
Personal name მამულაძე, შოთა
Relator term რედაქტორი
9 (RLIN) 1483
942 ## - ADDED ENTRY ELEMENTS (KOHA)
Koha item type წიგნი
Source of classification or shelving scheme
ეგზემპლარები
ჩამოწერის სტატუსი დაკარგული ეგზემპლარის სტატუსი კლასიფიკაციის წყარო ან თაროზე გაწყობის სქემა დაზიანების სტატუსი არ გაიცემა მუდმივი მდებარეობა (დაცვის ადგილი) ამჟამინდელი ადგილსამყოფელი თაროზე განთავსების ადგილი შეძენის თარიღი სრული შენახვის შიფრი შტრიხკოდი ბოლო ოპერაციის თარიღი ეგზემპლარის მიმდევრობითი ნომერი (კეტერი?) ფასის ძალაში შესვლის თარიღი ეგზემპლარის სახეობა
          ბათუმის შოთა რუსთაველის სახელმწიფო უნივერსიტეტის მთავარი ბიბლიოთეკა ბათუმის შოთა რუსთაველის სახელმწიფო უნივერსიტეტის მთავარი ბიბლიოთეკა წიგნსაცავი 2018-12-17 94(479.22) გ-60 27216 2018-12-17 27216 2018-12-17 წიგნი